00525nam a22001817a 450000500170000001000150001702000270003203500130005903700130007208200110008510000190009624500780011525000110019326000420020427000550024630000230030150000190032420130508111320.0 aENG-107001 a9788170006428c1600.00 aEN-90534 bDBAD/PUB a025.21 aJohnson, Peggy aFundamentals of collection development and management /cby Peggy Johnson a2nd ed aNew DelhibESS ESS Publicationsc2011 a4837/24, Ansari Road, DaryaganjbNew Delhie110002 axi,407p.c23cm(Hb) aIncludes index